Statystyki dla Największe Miasta Powyżej 200 m.n.p.m.

Kliknij tutaj aby rozwiązać quiz!

Ogólne statystyki

  • Ten quiz został rozwiązany 23 razy
  • Średni wynik to 18 z 30

Statystyki odpowiedzi

PopulacjaMiasto% Poprawnych
802 800Kraków
100%
368 621Katowice
89%
259 864Częstochowa
83%
223 403Gliwice
78%
854 003Łódź
78%
359 154Lublin
78%
84 729Nowy Sącz
78%
259 353Sosnowiec
78%
122 359Tarnów
78%
184 421Bielsko-Biała
72%
171 645Ruda Śląska
72%
196 638Rzeszów
72%
191 723Tychy
72%
205 800Zabrze
72%
239 800Bytom
67%
156 600Chorzów
61%
93 901Jelenia Góra
61%
215 005Kielce
61%
144 943Rybnik
61%
152 373Dąbrowa Górnicza
56%
141 161Wałbrzych
56%
104 594Jastrzębie Zdrój
50%
99 993Jaworzno
44%
94 581Mysłowice
44%
82 192Siemianowice Śląskie
44%
78 800Będzin
33%
112 215Wodzisław Śląski
33%
81 284Piotrków Trybunalski
28%
79 580Ostrowiec Świętokrzyski
17%
69 827Suwałki
6%

Rozkład punktacji

Percentyl według liczby udzielonych odpowiedzi

Procent ludzi z każdym wynikiem

Twoja historia wyników

Nie rozwiązałeś tego quizu